A systematic geography of world relations / (Record no. 21357)
[ view plain ]
| 000 -LEADER | |
|---|---|
| fixed length control field | 00797nam a22002532 4500 |
| 001 - CONTROL NUMBER | |
| control field | 21357 |
| 003 - CONTROL NUMBER IDENTIFIER | |
| rucl marc code | UkOxU |
| 005 - DATE AND TIME OF LATEST TRANSACTION | |
| control field | 20211209000657.0 |
| 008 - FIXED-LENGTH DATA ELEMENTS--GENERAL INFORMATION | |
| fixed length control field | 140304s1950 enkab 000 0 eng d |
| 035 ## - SYSTEM CONTROL NUMBER | |
| System control number | BD-RjUL)21421 |
| 040 ## - CATALOGING SOURCE | |
| Original cataloging agency | DVP |
| Transcribing agency | DVP |
| Modifying agency | EQO |
| -- | BD-RjUL |
| Language of cataloging | eng |
| 041 ## - LANGUAGE CODE | |
| Language code of text/sound track or separate title | eng |
| 082 04 - DEWEY DECIMAL CLASSIFICATION NUMBER | |
| Edition number | 22 |
| Classification number | 910 |
| Author mark and year | WIS 1950 |
| 090 ## - LOCALLY ASSIGNED LC-TYPE CALL NUMBER (OCLC); LOCAL CALL NUMBER (OCLC) | |
| Classification number (OCLC) (R) ; Classification number, CALL (RLIN) (NR) | G115 |
| Local cutter number (OCLC) ; Book number/undivided call number, CALL (RLIN) | .W5 1947 |
| 100 1# - MAIN ENTRY--PERSONAL NAME | |
| Personal name | Willis, Margaret Swainson. |
| 9 (RLIN) | 66019 |
| 245 12 - TITLE STATEMENT | |
| Title | A systematic geography of world relations / |
| Remainder of title | by Margaret S. Willis. |
| 250 ## - EDITION STATEMENT | |
| Edition statement | 4th ed. |
| 260 ## - PUBLICATION, DISTRIBUTION, ETC. (IMPRINT) | |
| Place of publication, distribution, etc. | London : |
| Name of publisher, distributor, etc. | G. Philip, |
| Date of publication, distribution, etc. | 1950 |
| 300 ## - PHYSICAL DESCRIPTION | |
| Pagination | 304 p. : |
| Illustrations | illus. (incl. maps) diagrs. ; |
| Size | 23 cm. |
| 500 ## - GENERAL NOTE | |
| General note | Imprint covered by label: Chicago, Denoyer-Geppert Company. |
| 650 #0 - SUBJECT ADDED ENTRY--TOPICAL TERM | |
| Topical term or geographic name as entry element | Geography |
| Form subdivision | Textbooks |
| 9 (RLIN) | 32655 |
| Topical term or geographic name as entry element | Physical geography |
| Form subdivision | Textbooks |
| 9 (RLIN) | 32655 |
| 942 ## - ADDED ENTRY ELEMENTS (KOHA) | |
| Source of classification or shelving scheme | Dewey Decimal Classification |
| Koha item type | Books |
| Lost status | Source of classification or shelving scheme | Damaged status | Not for loan | Collection code | Permanent Location | Current Location | Shelving location | Date acquired | Source of acquisition | Total Checkouts | Full call number | Date last seen | Copy number | Koha item type |
|---|---|---|---|---|---|---|---|---|---|---|---|---|---|---|
| Dewey Decimal Classification | Added to bundle | Non-fiction | Central Library, University of Rajshahi | Central Library, University of Rajshahi | Reading Room | 28/07/1960 | Shaukat Orman Dhaka Gift | 910 WIS 1950 | 04/03/2014 | C-1 | Books |